Os Mestres da terra : os místicos e líderes religiosos da humanidade /

Colección de breves biografías sobre los líderes religiosos y de sociedades esotéricas más conocidos.

Guardado en:
Detalles Bibliográficos
Autor principal: Souza Carvalho, Sérgio de (autor)
Formato: Libro
Idioma:Portugués
Publicado: São Paulo, Brasil : Hemus, 1992
Colección:(Enigmas e Mistérios do Universo)
Temas:
Etiquetas: Agrega una etiqueta
Sin etiquetas, Sé el primero en etiquetar este registro!

MARC

LEADER 00000nam^a2200000^a^4500
001 000046471
005 20250521000000.0
009 20260310090014.562
020 |a 85-289-0298-6 
037 |a Acervo ITESO - Biblioteca 
041 |a POR 
082 |a 920. 92  |b SOU 
100 |a Souza Carvalho, Sérgio de  |e (autor) 
245 1 3 |a Os Mestres da terra : os místicos e líderes religiosos da humanidade /  |c S. de Souza Carvalho. 
264 1 |a São Paulo, Brasil :  |b Hemus,  |c 1992 
300 |a 326 p. 
336 |a texto  |b txt  |2 rdacontenido 
337 |a sin mediación  |b n  |2 rdamedio 
338 |a volumen  |b nc  |2 rdasoporte 
440 1 |a (Enigmas e Mistérios do Universo) 
520 |a Colección de breves biografías sobre los líderes religiosos y de sociedades esotéricas más conocidos. 
649 |a XX 
650 |a Biografías 
650 |a Fundadores de Religiones 
650 |a Religiosos -  |x Biografías 
650 |a Ciencias Ocultas 
910 |a Fondo General 
920 |a Impresos - Libros 
930 |a Colección General 
905 |a 101 
901 |a 0500002058  |b IT1  |c ACC  |u 20250521 
902 |a https://opac.biblio.iteso.mx/vufind/Record/000046471